Guide to writing graphic novels : (Record no. 345023)
[ view plain ]
| 000 -LEADER | |
|---|---|
| fixed length control field | 00839nam a2200277Ia 4500 |
| 008 - FIXED-LENGTH DATA ELEMENTS--GENERAL INFORMATION | |
| fixed length control field | 171120s9999 xx 000 0 und d |
| 020 ## - INTERNATIONAL STANDARD BOOK NUMBER | |
| International Standard Book Number | 1589694510 |
| 050 ## - LIBRARY OF CONGRESS CALL NUMBER | |
| Classification number | 741.5 |
| 050 ## - LIBRARY OF CONGRESS CALL NUMBER | |
| Item number | E475 2008 |
| 100 ## - MAIN ENTRY--PERSONAL NAME | |
| Personal name | Ellis, Mark |
| 245 ## - TITLE STATEMENT | |
| Title | Guide to writing graphic novels : |
| 245 ## - TITLE STATEMENT | |
| Remainder of title | from superheroes to manga-all you need to create and sell your graphic works / |
| 245 ## - TITLE STATEMENT | |
| Statement of responsibility, etc | by Mark Ellis and Melissa Martin Ellis. |
| 260 ## - PUBLICATION, DISTRIBUTION, ETC. (IMPRINT) | |
| Place of publication, distribution, etc | Massachusetts : |
| 260 ## - PUBLICATION, DISTRIBUTION, ETC. (IMPRINT) | |
| Name of publisher, distributor, etc | Adams Media, |
| 260 ## - PUBLICATION, DISTRIBUTION, ETC. (IMPRINT) | |
| Date of publication, distribution, etc | 2008 |
| 300 ## - PHYSICAL DESCRIPTION | |
| Extent | 213 pages : |
| 300 ## - PHYSICAL DESCRIPTION | |
| Other physical details | some colored illustrations ; |
| 300 ## - PHYSICAL DESCRIPTION | |
| Dimensions | 23cm. |
| 440 ## - SERIES STATEMENT/ADDED ENTRY--TITLE | |
| Title | The everything. |
| 500 ## - GENERAL NOTE | |
| General note | Includes index. |
| 650 ## - SUBJECT ADDED ENTRY--TOPICAL TERM | |
| Topical term or geographic name as entry element | Cartoons, caricatures, comics -- |
| 650 ## - SUBJECT ADDED ENTRY--TOPICAL TERM | |
| General subdivision | Techniques, procedures, apparatus, equipment, materials. |
| 700 ## - ADDED ENTRY--PERSONAL NAME | |
| Personal name | Ellis, Melissa Martin. |
| 700 ## - ADDED ENTRY--PERSONAL NAME | |
| Personal name | Title. |
| Withdrawn status | Lost status | Damaged status | Home library | Current library | Date acquired | Total Checkouts | Full call number | Barcode | Date last seen | Price effective from | Koha item type |
|---|---|---|---|---|---|---|---|---|---|---|---|
| Stonyhurst Southville International School (Malarayat) | Stonyhurst Southville International School (Malarayat) | 11/20/2017 | REF 741.5 E475 2008 | SSISM4067 | 11/20/2017 | 11/20/2017 | Books |